|
|
|
|
| LEADER |
01019nam a2200265 i 4500 |
| 001 |
c000146573 |
| 003 |
CARM |
| 005 |
00000000000000.0 |
| 008 |
781205s1977 enk b 00010 eng |
| 015 |
|
|
|a GB***
|
| 019 |
1 |
|
|a 1326970
|z 1934144
|5 LACONCORD2021
|
| 020 |
|
|
|a 0900296704 :
|c L.1.50
|
| 035 |
|
|
|a (OCoLC)4528740
|5 LACONCORD2021
|
| 043 |
|
|
|a e-uk---
|
| 050 |
0 |
0 |
|a LB1140.2
|b .W369
|
| 100 |
1 |
|
|a Watt, Joyce S.
|q (Joyce Stephen)
|
| 245 |
1 |
0 |
|a Co-operation in pre-school education /
|c Joyce S. Watt.
|
| 260 |
|
|
|a London :
|b Social Science Research Council ;
|a Merstham [Eng.] :
|b distributed by School Govt. Pub. Co.,
|c 1977.
|
| 300 |
|
|
|a 90, [8] p. ;
|c 30 cm.
|
| 504 |
|
|
|a Bibliography: p. [97]-[98]
|
| 650 |
|
0 |
|a Education, Preschool
|z Great Britain.
|
| 852 |
8 |
|
|b CARM
|h A2:AN27C3
|i D03905
|p 0181230
|f BK
|
| 082 |
0 |
4 |
|a 372.21/0941
|
| 999 |
f |
f |
|i da1c5089-28e9-5c53-a849-3273fddda89d
|s ae81d721-96f8-5258-a90a-fe3360c7d774
|
| 952 |
f |
f |
|p Can circulate
|a CAVAL
|b CAVAL
|c CAVAL
|d CARM 1 Store
|e D03905
|f A2:AN27C3
|h Other scheme
|i book
|m 0181230
|